[Event "Oberliga Nord W 1213"]
[Site "Germany"]
[Date "2013.02.03"]
[Round "6.4"]
[White "David, Adrian"]
[Black "Cordes, Klaus"]
[Result "1/2-1/2"]
[WhiteElo "2287"]
[BlackElo "2251"]
[PlyCount "65"]
[EventDate "2012.10.14"]
[EventType "team-tourn"]
[EventRounds "9"]
[EventCountry "GER"]
[SourceTitle "EXT 2014"]
[Source "ChessBase"]
[SourceDate "2013.11.20"]
[SourceVersion "1"]
[SourceVersionDate "2013.11.20"]
[SourceQuality "1"]
[WhiteTeam "Hameln"]
[BlackTeam "Lister Turm"]
[WhiteTeamCountry "GER"]
[BlackTeamCountry "GER"]

1. Nf3 Nf6 2. c4 g6 3. Nc3 Bg7 4. e4 d6 5. d4 0-0 6. Be2 Nbd7 7. Be3 e5 8. d5 Nh5 9. g3 Bf6 10. Nd2 Ng7 11. h4 Be7 12. Bh6 a6 13. Nf3 Nf6 14. Ng5 Qd7 15. Qd2 Re8 16. Bxg7 Kxg7 17. h5 gxh5 18. 0-0-0 Kg6 19. f4 Rh8 20. Nf3 Ng4 21. f5+ Kg7 22. Rxh5 Qd8 23. Rdh1 h6 24. Kb1 Bd7 25. Bd1 b5 26. Ne1 Bg5 27. Qe2 Nf6 28. R5h3 b4 29. Na4 Qe8 30. b3 Bxa4 31. bxa4 Nd7 32. Nd3 a5 33. Bb3 1/2-1/2

[Event "Oberliga Nord W 1112"]
[Site "Germany"]
[Date "2012.02.26"]
[Round "7.3"]
[White "David, Adrian"]
[Black "Baisakow, Alexander"]
[Result "1-0"]
[WhiteElo "2285"]
[BlackElo "2181"]
[PlyCount "93"]
[EventDate "2011.10.02"]
[EventType "team-tourn"]
[EventRounds "9"]
[EventCountry "GER"]
[SourceTitle "EXT 2013"]
[Source "ChessBase"]
[SourceDate "2012.11.22"]
[SourceVersion "1"]
[SourceVersionDate "2012.11.22"]
[SourceQuality "1"]
[WhiteTeam "Hameln"]
[BlackTeam "Nordhorn Blanke"]
[WhiteTeamCountry "GER"]
[BlackTeamCountry "GER"]

1. Nf3 d5 2. c4 c6 3. g3 Nf6 4. Bg2 g6 5. Qa4 Bg7 6. cxd5 Qxd5 7. Nc3 Qh5 8. h3 0-0 9. d4 Qf5 10. Ne5 Nbd7 11. e4 Qe6 12. Nd3 Nb6 13. Qc2 Qd7 14. Be3 Nc4 15. Bg5 h6 16. Bc1 Rd8 17. Ne2 Nb6 18. a4 Qe8 19. a5 Nbd7 20. Bf4 Nf8 21. a6 Ne6 22. axb7 Bxb7 23. Be3 c5 24. Nxc5 Nxc5 25. dxc5 Qb5 26. Nc3 Qc6 27. 0-0 a5 28. Rfd1 Nd7 29. Nd5 Kf8 30. Rac1 e6 31. Nf4 Ne5 32. Ne2 Qc7 33. f4 Nc6 34. Rd6 Kg8 35. Qd2 Bf8 36. e5 Bxd6 37. exd6 Qd7 38. Nc3 f5 39. Na4 Rab8 40. Nb6 Qg7 41. Nc4 Ra8 42. Re1 Re8 43. Bf2 Rab8 44. d7 Red8 45. Nb6 Nb4 46. Rxe6 Bxg2 47. Kxg2 1-0

[Event "Oberliga Nord W 1011"]
[Site "Germany"]
[Date "2010.11.14"]
[Round "3.2"]
[White "Schulz, Jens"]
[Black "David, Adrian"]
[Result "1-0"]
[WhiteElo "2156"]
[BlackElo "2304"]
[PlyCount "61"]
[EventDate "2010.10.10"]
[EventType "team-tourn"]
[EventRounds "9"]
[EventCountry "GER"]
[SourceTitle "EXT 2012"]
[Source "ChessBase"]
[SourceDate "2011.11.24"]
[SourceVersion "1"]
[SourceVersionDate "2011.11.24"]
[SourceQuality "1"]
[WhiteTeam "Nordhorn Blanke"]
[BlackTeam "Hameln"]
[WhiteTeamCountry "GER"]
[BlackTeamCountry "GER"]

1. e4 c5 2. Nf3 e6 3. d4 cxd4 4. Nxd4 Nf6 5. Bd3 a6 6. 0-0 d6 7. Nc3 Nbd7 8. Kh1 b5 9. Qe2 Bb7 10. f4 Qb6 11. Be3 Qc7 12. Bd2 h5 13. Rae1 Ng4 14. Nd5 Qd8 15. Bc3 Rc8 16. Nf5 e5 17. Qd2 Rc5 18. Bb4 Rc6 19. Ba5 Qc8 20. h3 g6 21. Nh4 exf4 22. hxg4 hxg4 23. Qxf4 Rxh4+ 24. Kg1 Rh7 25. e5 Bh6 26. exd6+ Kf8 27. Qe4 Rc5 28. Qxg6 Rg7 29. Rxf7+ Rxf7 30. Qxh6+ Kg8 31. Ne7+ 1-0

[Event "Oberliga Nord W 1011"]
[Site "Germany"]
[Date "2010.10.24"]
[Round "2.2"]
[White "David, Adrian"]
[Black "Schuette, Marc"]
[Result "1-0"]
[WhiteElo "2304"]
[BlackElo "2261"]
[PlyCount "67"]
[EventDate "2010.10.10"]
[EventType "team-tourn"]
[EventRounds "9"]
[EventCountry "GER"]
[SourceTitle "EXT 2012"]
[Source "ChessBase"]
[SourceDate "2011.11.24"]
[SourceVersion "1"]
[SourceVersionDate "2011.11.24"]
[SourceQuality "1"]
[WhiteTeam "Hameln"]
[BlackTeam "Oldenburg Union"]
[WhiteTeamCountry "GER"]
[BlackTeamCountry "GER"]

1. Nf3 d5 2. c4 c6 3. g3 Nf6 4. Bg2 Bg4 5. 0-0 Nbd7 6. cxd5 cxd5 7. d3 h6 8. Nc3 e5 9. Qa4 b5 10. Nxb5 Be7 11. Nc3 0-0 12. Nxd5 Nxd5 13. Qxg4 f5 14. Qc4 N7b6 15. Qb3 a5 16. a4 e4 17. Nd4 Qd7 18. Nxf5 Qxf5 19. dxe4 Qf7 20. exd5 Bc5 21. Be3 Nd7 22. Bh3 Rab8 23. Qxb8 Rxb8 24. Be6 Rxb2 25. Bxf7+ Kxf7 26. Bxc5 Nxc5 27. Rfc1 Nb3 28. Rc7+ Kf6 29. Rb7 Ke5 30. Ra3 Rb1+ 31. Kg2 Nd2 32. Rxb1 Nxb1 33. d6 Kxd6 34. Rb3 1-0

[Event "Oberliga Nord W 0809"]
[Site "Germany"]
[Date "2009.02.01"]
[Round "6.2"]
[White "David, Adrian"]
[Black "Izrailev, Alexander"]
[Result "1/2-1/2"]
[WhiteElo "2321"]
[BlackElo "2312"]
[PlyCount "98"]
[EventDate "2008.10.05"]
[EventType "team-tourn"]
[EventRounds "9"]
[EventCountry "GER"]
[SourceTitle "EXT 2010"]
[Source "ChessBase"]
[SourceDate "2010.11.25"]
[SourceVersion "1"]
[SourceVersionDate "2010.11.25"]
[SourceQuality "1"]
[WhiteTeam "Hameln"]
[BlackTeam "Hannover PSC"]
[WhiteTeamCountry "GER"]
[BlackTeamCountry "GER"]

1. Nf3 d5 2. c4 d4 3. e3 Nc6 4. exd4 Nxd4 5. Nxd4 Qxd4 6. Nc3 c6 7. d3 g6 8. Be3 Qd8 9. Qd2 Bg7 10. Be2 e5 11. 0-0-0 Ne7 12. g4 h6 13. f4 exf4 14. Bxf4 g5 15. Bg3 Ng6 16. Ne4 0-0 17. Bd6 Re8 18. Rhf1 Ne5 19. Ba3 Bxg4 20. Bxg4 Nxg4 21. Nd6 Re6 22. Nf5 Qd7 23. h3 Ne5 24. Qc3 Bh8 25. d4 Nxc4 26. Qxc4 a5 27. d5 cxd5 28. Qxd5 Qxd5 29. Rxd5 Be5 30. Nxh6+ Kg7 31. Nf5+ Kg6 32. Kb1 Rh8 33. Rf3 Bf4 34. Kc2 a4 35. Kd3 Rhe8 36. h4 Re1 37. Kc4 R1e4+ 38. Kb5 g4 39. Rfd3 R8e5 40. Nd6 g3 41. Nc4 Rxd5+ 42. Rxd5 g2 43. Bc5 f5 44. Rd8 Kh5 45. Rh8+ Kg4 46. Rg8+ Kf3 47. Rf8 Kg4 48. Rg8+ Kf3 49. Rf8 Kg4 1/2-1/2

[Event "Oberliga Nord W 0607"]
[Site "Germany"]
[Date "2007.04.22"]
[Round "9.3"]
[White "David, Adrian"]
[Black "Schuette, Marc"]
[Result "1/2-1/2"]
[WhiteElo "2325"]
[BlackElo "2194"]
[PlyCount "83"]
[EventDate "2006.10.15"]
[EventType "team-tourn"]
[EventRounds "9"]
[EventCountry "GER"]
[SourceTitle "EXT 2008"]
[Source "ChessBase"]
[SourceDate "2007.11.25"]
[SourceVersion "1"]
[SourceVersionDate "2007.11.25"]
[SourceQuality "1"]
[WhiteTeam "Hameln"]
[BlackTeam "Oldenburg Union"]
[WhiteTeamCountry "GER"]
[BlackTeamCountry "GER"]

1. Nf3 d5 2. c4 c6 3. g3 Nf6 4. Bg2 Bg4 5. Ne5 Be6 6. cxd5 cxd5 7. 0-0 Nc6 8. Qa4 Bd7 9. Nxd7 Qxd7 10. d3 e6 11. a3 Be7 12. b4 Nd4 13. Qd1 Rc8 14. Ra2 a6 15. Bb2 Nb5 16. Qb3 0-0 17. Nd2 Rfd8 18. Nf3 Qe8 19. a4 Na7 20. Bd4 Ra8 21. Rc1 Nc6 22. Bc5 Rdc8 23. Rac2 Nd7 24. d4 Nxc5 25. bxc5 a5 26. e3 Nb4 27. Rc3 b6 28. cxb6 Rxc3 29. Rxc3 Rb8 30. Bf1 Rxb6 31. Bb5 Qd8 32. Qb1 Bd6 33. Nd2 Rb8 34. Nb3 g6 35. Kg2 Kg7 36. Qb2 h5 37. Qe2 Kg8 38. Rc1 Qb6 39. Nc5 Qd8 40. Nb3 Qb6 41. Qf3 Qd8 42. Qe2 1/2-1/2

[Event "Oberliga Nord W 0506"]
[Site "Germany"]
[Date "2005.10.23"]
[Round "1.2"]
[White "David, Adrian"]
[Black "List, Joachim"]
[Result "1-0"]
[WhiteElo "2322"]
[BlackElo "2276"]
[PlyCount "77"]
[EventDate "2005.10.23"]
[EventType "team-tourn"]
[EventRounds "9"]
[EventCountry "GER"]
[SourceTitle "CBM 111 Extra"]
[Source "ChessBase"]
[SourceDate "2006.05.09"]
[SourceVersion "1"]
[SourceVersionDate "2006.05.09"]
[SourceQuality "1"]
[WhiteTeam "Hameln"]
[BlackTeam "Uelzen Post"]
[WhiteTeamCountry "GER"]
[BlackTeamCountry "GER"]

1. Nf3 g6 2. c4 Bg7 3. d4 Nf6 4. Nc3 0-0 5. e4 d6 6. Be2 e5 7. Be3 Na6 8. 0-0 Ng4 9. Bg5 f6 10. Bc1 h5 11. h3 Nh6 12. Be3 Qe8 13. dxe5 dxe5 14. c5 Be6 15. Qc1 Kh7 16. Nd5 Rf7 17. Nxf6+ Bxf6 18. Bxa6 bxa6 19. Bxh6 Qb5 20. Bg5 Bg7 21. Qc3 Raf8 22. Bh4 Rxf3 23. gxf3 Bxh3 24. Rfd1 Rf4 25. Bg5 Qe8 26. Rd3 h4 27. Kh2 Bc8 28. Qb3 Be6 29. Qd1 Qf7 30. Re3 Bh6 31. Bxh6 Kxh6 32. Qd8 Kg7 33. Qg5 h3 34. Qxe5+ Kh7 35. Kg3 g5 36. Rd1 h2 37. Rh1 Rh4 38. Rxh2 Qh5 39. Kg2 1-0

[Event "Oberliga Nord W 0405"]
[Site "Germany"]
[Date "2005.03.13"]
[Round "8.3"]
[White "Buchenau, Frank"]
[Black "David, Adrian"]
[Result "1/2-1/2"]
[WhiteElo "2340"]
[BlackElo "2306"]
[PlyCount "57"]
[EventDate "2004.10.24"]
[EventType "team-tourn"]
[EventRounds "9"]
[EventCountry "GER"]
[SourceTitle "EXT 2006"]
[Source "ChessBase"]
[SourceDate "2005.11.24"]
[SourceVersion "1"]
[SourceVersionDate "2005.11.24"]
[SourceQuality "1"]
[WhiteTeam "Goettingen Tempo"]
[BlackTeam "Hameln"]
[WhiteTeamCountry "GER"]
[BlackTeamCountry "GER"]

1. e4 c5 2. b3 b6 3. g3 Bb7 4. Bg2 Nf6 5. d3 g6 6. Bb2 Bg7 7. f4 0-0 8. Qe2 d5 9. e5 Ne8 10. Nf3 Na6 11. 0-0 d4 12. e6 Nd6 13. exf7+ Nxf7 14. Nbd2 Nb4 15. Ne4 Qd7 16. Nh4 Nd5 17. Bc1 e6 18. Bd2 Rae8 19. a3 a5 20. a4 Nh6 21. Bh3 Nf5 22. Ng2 Qc6 23. Rae1 Re7 24. Qd1 Bc8 25. Ng5 e5 26. fxe5 h6 27. Ne4 Rxe5 28. g4 Nfe7 29. Rxf8+ 1/2-1/2

[Event "Oberliga Nord W 0405"]
[Site "Germany"]
[Date "2005.01.16"]
[Round "5.4"]
[White "Van Linde, Paul"]
[Black "David, Adrian"]
[Result "0-1"]
[WhiteElo "2164"]
[BlackElo "2306"]
[PlyCount "58"]
[EventDate "2004.10.24"]
[EventType "team-tourn"]
[EventRounds "9"]
[EventCountry "GER"]
[SourceTitle "EXT 2006"]
[Source "ChessBase"]
[SourceDate "2005.11.24"]
[SourceVersion "1"]
[SourceVersionDate "2005.11.24"]
[SourceQuality "1"]
[WhiteTeam "Jever"]
[BlackTeam "Hameln"]
[WhiteTeamCountry "GER"]
[BlackTeamCountry "GER"]

1. e4 c5 2. c3 Qa5 3. Nf3 e6 4. Na3 Nf6 5. e5 Nd5 6. Nc4 Qc7 7. Ne3 Nf4 8. d4 Nc6 9. g3 Ng6 10. h4 cxd4 11. cxd4 Bb4+ 12. Bd2 Bxd2+ 13. Qxd2 d6 14. h5 Nge7 15. h6 dxe5 16. hxg7 Rg8 17. Rxh7 f5 18. d5 f4 19. dxc6 fxe3 20. Qxe3 Qa5+ 21. Nd2 bxc6 22. Be2 Nf5 23. Bh5+ Kd7 24. Qg5 Ba6 25. 0-0-0 Qc5+ 26. Kb1 Bd3+ 27. Ka1 Nd4 28. Nb3 Nxb3+ 29. axb3 Qa5# 0-1

[Event "Oberliga Nord W 0304"]
[Site "Germany"]
[Date "2004.03.28"]
[Round "8.4"]
[White "David, Adrian"]
[Black "Forchert, Martin"]
[Result "0-1"]
[WhiteElo "2313"]
[BlackElo "2425"]
[PlyCount "122"]
[EventDate "2003.10.12"]
[EventType "team-tourn"]
[EventRounds "9"]
[EventCountry "GER"]
[SourceTitle "EXT 2005"]
[Source "ChessBase"]
[SourceDate "2004.11.15"]
[SourceVersion "1"]
[SourceVersionDate "2004.11.15"]
[SourceQuality "1"]
[WhiteTeam "Hameln"]
[BlackTeam "Werder Bremen II"]
[WhiteTeamCountry "GER"]
[BlackTeamCountry "GER"]

1. Nf3 Nf6 2. c4 c6 3. g3 d5 4. Bg2 dxc4 5. 0-0 Be6 6. Ng5 Bd5 7. e4 h6 8. exd5 hxg5 9. dxc6 Nxc6 10. Qa4 Rc8 11. Na3 a6 12. Nxc4 e6 13. d3 Nd5 14. Ne5 Be7 15. a3 0-0 16. Nf3 b5 17. Qg4 f5 18. Qh5 g4 19. Ng5 Bxg5 20. Bxg5 Qe8 21. Qxe8 Rfxe8 22. f3 gxf3 23. Bxf3 Nd4 24. Bh5 Rf8 25. Rac1 Rxc1 26. Bxc1 Rc8 27. Bg5 Rc2 28. Rf2 Rc8 29. Bd1 g6 30. h4 Kg7 31. Bd2 e5 32. Rf1 Kf6 33. Re1 Ke6 34. Bf4 Nxf4 35. gxf4 Rc5 36. h5 gxh5 37. Bxh5 Kd6 38. fxe5+ Rxe5 39. Rxe5 Kxe5 40. Kf2 Ne6 41. Ke3 f4+ 42. Kd2 a5 43. b4 a4 44. Bf3 Nd4 45. Be4 f3 46. Ke3 Nc2+ 47. Kxf3 Kd4 48. Ke2 Kc3 49. Kd1 Nxa3 50. Kc1 Nc2 51. Bc6 Nd4 52. Be8 Kxb4 53. Kb2 Ne2 54. Kc2 a3 55. Kb1 Kb3 56. Bf7+ Kc3 57. Ka2 b4 58. Bc4 Nc1+ 59. Kb1 b3 60. Bxb3 Kxb3 61. d4 a2+ 0-1